| 000 | 00861nam a2200301Ia 4500 | ||
|---|---|---|---|
| 003 | OSt | ||
| 005 | 20220912151004.0 | ||
| 006 | a|||||r|||| 00| 0 | ||
| 007 | ta | ||
| 008 | 220909b |||||||| |||| 00| 0 eng d | ||
| 020 | _a0313278792 (hbd) | ||
| 024 | _a3501 | ||
| 037 | _bI B D, | ||
| 037 | _cTextual | ||
| 040 |
_aCSL _beng _cCSL |
||
| 041 | _aeng | ||
| 082 | _aY7:(Q:4198), N2 | ||
| 100 | _aMorinis Alan Ed | ||
| 245 | 0 | _aSacred Journeys: the anthropology of pilgrimage | |
| 260 |
_aWestport, Connecticut Greenwood Press _c1992 |
||
| 300 | _ax,325p | ||
| 490 | _aContributions to the study of antropology; 7 | ||
| 500 | _aBibliographical references 279-307p; Index 309-325p | ||
| 650 | _a Pilgrimage | ||
| 650 | _aAnthropology | ||
| 942 |
_hY7:(Q:4198), N2 _cTEXL _2CC |
||
| 999 |
_c58980 _d58980 |
||